000 00728nam a2200253Ii 4500
003 JO-AjNU
005 20241022122626.0
008 230605s9999||||xx |||||||||||||| ||und||
017 _a98/7582
020 _a977-276-379-6
040 _aJO-AjNU
_bara
_erda
_cJO-AjNU
041 _aara
050 1 4 _aPS3515.E370512 1998
100 3 _aتقديم عمارة ،عاطف ,
_eauthor
_913226
245 0 0 _aالعجوز والبحر
264 3 1 _aالقاهرة:الناشر العربي ،1998
300 _a72ص
336 _atext
_btxt
_2rdacontent
337 _aunmediated
_bn
_2rdamedia
338 _avolume
_bnc
_2rdacarrier
490 0 _aسلسلة اعظم الكتب
650 4 _aروايات
_913227
942 _2lcc
_cBK
999 _c6805
_d6805